000 00825akm a2200325a 44500
008 020618s2002 cat
041 _acat
041 _bspa
080 _a061.62(038)
245 _aLaboratori
245 _h[punt de llibre]
260 _a[L'Hospitalet de Llobregat]
260 _bInstitut Català de la Salut. Ciutat Sanitària i Universitària de Bellvitge
260 _c2002
300 _a1 punt de llibre
500 _btermcat
520 _a12
591 _a7549
592 _aObra terminològica
593 _aEU
594 _a7549
650 _alaboratori clínic
_961674
650 _alaboratori mèdic
_962124
901 _c[<2002>]
902 _a020618
942 _cMO
_n0
999 _c61313
_d61313